000 00562nam a2200229Ia 4500
003 OSt
005 20220916111038.0
006 a|||||r|||| 00| 0
007 ta
008 220915b |||||||| |||| 00| 0 eng d
024 _a156598
037 _cTextbook
040 _beng
_aARTS
_cARTS
041 _aeng
082 _aTq6541:N53, J3 (906)
110 _aEastern Region Of Nigeria
245 0 _aPolicy for education
260 _c1953
650 _aEDUCATION
942 _hTq6541:N53, J3 (906)
_cTB
_2CC
999 _c104445
_d104445